Artrópodos hematófagos de la fauna colombiana (Registro nro. 15485)

Detalles MARC
000 -CABECERA
Campo de control 003570000a22001090004500
090 ## - CLASIFICACIÓN LOCAL
Colección AS
Consecutivo Seriadas
041 0# - IDIOMA
Código de idioma para texto/pista de sonido o título separado
100 1# - ASIENTO PRINCIPAL--NOMBRE PERSONAL
Nombre personal Patiño Camargo, Luis
245 10 - MENCION DE TITULO
Título Artrópodos hematófagos de la fauna colombiana
773 1# - Item fuente:
Título Revista de la Academia Colombiana de Ciencias Exactas, Físicas y Naturales
Descripción física 11
Paginas del Articulo 337-344
Lugar, editorial y fecha de publicación 1940
Información sobre la relación 3
942 ## - ELEMENTOS ADICIONALES (KOHA)
Tipo de ítem Artículo

No hay ítems disponibles.